Kryštalizácia alfa-Al2O3 z bohmitových gélov

Salvato in:
Dettagli Bibliografici
Autore principale: Bača, Ľuboš, 1974- (Autore)
Natura: Manoscritto Libro
Lingua:slovacco
Pubblicazione: Bratislava : STU v Bratislave ChtF, 2000
Edizione:Obháj.: 26.2.2001
Tags: Aggiungi Tag
Nessun Tag, puoi essere il primo ad aggiungerne!!

MARC

LEADER 00000ntm a22000003a 4500
001 stu61169
005 20150617225650.9
008 010911s2000----xo------------------slo-d
040 |a STU  |b slo 
041 0 |a slo 
044 |a xo 
080 |a 532.78(043.3) 
100 1 |a Bača, Ľuboš,  |d 1974-  |4 aut  |u C2110  |U FCHPT Ústav anorganickej chémie, technológie a materiálov  |T FCHPT Oddelenie keramiky, skla a cementu  |X 70834  |U C2110  |Y 110  |7 A0000070834 
245 1 |a Kryštalizácia alfa-Al2O3 z bohmitových gélov 
250 |a Obháj.: 26.2.2001 
260 |a Bratislava :  |b STU v Bratislave ChtF,  |c 2000 
300 |a 104 s. Obr.,tab.,grafy,lit 
500 |a Katedra keramiky, skla a cementu 
996 |b 284C019638  |c C*KD449  |l CCI  |s A  |a 24  |w stu61169_0001